Papiereň Harmanec
Zobrazenie: Pohľad zo zalesneného kopca na Harmanecké papierne v údolí
| Format: | Postcard |
|---|---|
| Language: | Slovak German |
| PhysicalDescription: | 1 pohľadnica kolorovaná 9 x 14 cm |
| Published: |
[Slovensko?]
[vydavateľ neznámy]
[medzi 1920 a 1937?]
|
| Subjects: |
MARC
| LEADER | 00000nkm a2200000 a 4500 | ||
|---|---|---|---|
| 001 | vtls012016618 | ||
| 003 | SK-MaSNL | ||
| 005 | 20260512122609.0 | ||
| 007 | kp ho | ||
| 008 | 231121q1920 xo g kuslo | ||
| 015 | |a SNBG | ||
| 035 | |a urn:nbn:sk:snk-km00fak1 | ||
| 035 | |a urn:nbn:sk:snk-km45sqi | ||
| 035 | |a FEA5C5D9-A532-49E8-A357-B24834E9D1D2 | ||
| 040 | |a SNK |b slo |c SNK |e AACR2 | ||
| 041 | 0 | |a slo |a ger | |
| 043 | |a e-xo--- | ||
| 044 | |a xo |c SK | ||
| 072 | 7 | |a 913 |x Regionálna geografia |2 konspekt | |
| 080 | |a 913(437.6) |2 2011 | ||
| 080 | |a (084.121) |2 2011 | ||
| 080 | |a 721 |2 2011 | ||
| 080 | |a 676:334.716 |2 2011 | ||
| 245 | 0 | 0 | |a Papiereň Harmanec |h grafika |
| 246 | 3 | 1 | |a Hermanetzer Papierfabrik |
| 260 | |a [Slovensko?] |b [vydavateľ neznámy] |c [medzi 1920 a 1937?] | ||
| 300 | |a 1 pohľadnica |b kolorovaná |c 9 x 14 cm | ||
| 500 | |a Na adresnej časti uvedené: "d 20915" | ||
| 520 | 8 | |a Zobrazenie: Pohľad zo zalesneného kopca na Harmanecké papierne v údolí | |
| 546 | |a Súbežný názov v nemčine | ||
| 650 | 0 | 7 | |a budovy |2 SNKPH |9 1283 |
| 650 | 0 | 7 | |a papierne |2 SNKPH |9 37167 |
| 651 | 7 | |a Harmanec (Slovensko) |2 SNKPHgeo |9 14560 | |
| 655 | 7 | |a miestne pohľadnice |2 SNKPH |9 70510 | |
| 852 | |a Slovenská národná knižnica | ||
| 958 | |a GBN | ||
| 958 | |a GC | ||
| 958 | |a OND | ||
| 958 | |a EUIPO | ||
| 999 | |c 611311 |d 613241 | ||
| 952 | |a SNK |b SNK |y PREZ |7 0 |p 17A1409064 |o snkSP 83538 |z Pohľadnica prešla poštou. |0 0 |1 0 |4 0 |d 2021-03-03 |f 1 |l 0 |r 2026-02-23 16:23:35 |w 2026-02-23 | ||


